000 01238nam a22002537a 4500
010 _aA-282443
020 _c244.00
035 _aA-282443
037 _aCen Lib / Ret
040 _aDPL
_bHN
082 _a423.72
_bभारत
245 _aहिंदी- मलयालम-अंग्रेजी त्रिभाषा कोश /
246 _aHindi-Malyalam-English Trilingual Dictionary /
260 _aनई दिल्ली
_bकेंदीय हिंदी निदेशालय
_c1986
270 _aशिक्षा विभाग, मानव संसाधन विकास मंत्रालय, पश्चिमी खण्ड-7 रामकृष्णपुरम
_bनई दिल्ली
_e110066
300 _av 1. 1007p. ; v 2. 804p. v 3. 404p.
_b24cm
490 _aत्रिभाषा कोशमाला
_v2
505 _av 1.अ-ध ; v 2.न-ल ; v 3. व्-ह
650 _aहिंदी--मलयालम--इंग्लिश शब्दकोष
650 _aहिंदी--शब्दकोष
650 _aHindi--malyalam--english-- Dictionary
650 _aHindi -- Dictionary
942 _2ddc
_cHN
_h423.72
_mभारत
999 _c122159
_d122159